00481cam a2200157Ia 4500020002500000020001500025040001000040082002600050245008700076260002800163300004000191650003000231650001700261650003000278700001500308 a9789546425164 (pbk.) a9546425168 cBTCTA04a577 PEN 2009 C154 Or.00aBiodiversity in the balance :bmitigation and adaptation conflicts and synergies / aSofia :bPensoft,c2009 a300 p. :bill. (some col.) ;c24 cm 0aBiodiversity conservation 0aBiodiversity 0aClimate change mitigation1 aBerry, Pam